J1歴代トップ4チーム - Statistics

General Stats
  • This quiz has been taken 574 times
    44 since last reset
  • The average score is 123 of 132
Answer Stats
Hint Answer % Correct
2023 ヴィッセル神戸
100%
1996 | 1998 | 2000 | +8 others 鹿島アントラーズ
100%
2010 | 2 | 3 | 4 名古屋グランパス
100%
横浜マリノス
100%
1995 | 2003 | 2004 | +4 others 横浜Fマリノス
100%
2017 | 2018 | 2020 | +5 others 川崎フロンターレ
97%
2012 | 2013 | 2015 | +3 others サンフレッチェ広島
97%
2006 | 2 | 3 | 4 浦和レッズ
97%
1993 | 1994 | 4 | 2 ヴェルディ川崎
97%
2005 | 2014 | 2 | +2 others ガンバ大阪
94%
1997 | 1999 | 2002 | +2 others ジュビロ磐田
94%
2011 | 3 | 4 柏レイソル
90%
2 | 4 清水エスパルス
90%
3 | 4 セレッソ大阪
90%
2 | 4 FC東京
90%
ヴィッセル神戸
84%
2 | 4 ベガルタ仙台
81%
3 | 4 ジェフユナイテッド
77%
2025 鹿島アントラーズ
74%
2 | 4 サンフレッチェ広島
74%
コンサドーレ札幌
74%
京都サンガ
71%
町田ゼルビア
65%
横浜フリューゲルス
65%
ガンバ大阪
65%
柏レイソル
55%
2024 ヴィッセル神戸
52%
大分トリニータ
48%
No matching quizzes found
Score Distribution
Percent of People with Each Score
Percentile by Number Answered
Your Score History
You have not taken this quiz since the last reset